<?xml version="1.0" encoding="UTF-8"?>
<record
    xmlns:xsi="http://www.w3.org/2001/XMLSchema-instance"
    xsi:schemaLocation="http://www.loc.gov/MARC21/slim http://www.loc.gov/standards/marcxml/schema/MARC21slim.xsd"
    xmlns="http://www.loc.gov/MARC21/slim">

  <leader>01874cam a22002058i 4500</leader>
  <controlfield tag="005">20260620153637.0</controlfield>
  <datafield tag="020" ind1=" " ind2=" ">
    <subfield code="a">9781032003061</subfield>
  </datafield>
  <datafield tag="020" ind1=" " ind2=" ">
    <subfield code="a">9781032015637</subfield>
  </datafield>
  <datafield tag="082" ind1="0" ind2="0">
    <subfield code="a">320.540 954 MAN/H</subfield>
    <subfield code="2">23/eng/20240328</subfield>
  </datafield>
  <datafield tag="245" ind1="0" ind2="0">
    <subfield code="a">Hindu nationalism in South India :</subfield>
    <subfield code="b">the rise of saffron in Kerala /</subfield>
    <subfield code="c">edited by Nissim Mannathukkaren.</subfield>
  </datafield>
  <datafield tag="246" ind1="3" ind2=" ">
    <subfield code="a">Rise of saffron in Kerala</subfield>
  </datafield>
  <datafield tag="250" ind1=" " ind2=" ">
    <subfield code="a">1.</subfield>
  </datafield>
  <datafield tag="300" ind1=" " ind2=" ">
    <subfield code="a">pages cm</subfield>
  </datafield>
  <datafield tag="504" ind1=" " ind2=" ">
    <subfield code="a">Includes bibliographical references.</subfield>
  </datafield>
  <datafield tag="505" ind1="2" ind2=" ">
    <subfield code="a">Faith revival in Kerala / Anil M. Varughese -- A gendered history of the rise of the neo-savarna in twentieth century Kerala / J. Devika -- Crisis as opportunity / Dayal Paleri.</subfield>
  </datafield>
  <datafield tag="520" ind1=" " ind2=" ">
    <subfield code="a">"Hindu Nationalism in South India engages with a range of factors that shapes the trajectory of Hindu nationalism in Kerala, the southern state of India. Until recently, Kerala was considered a socio-political exception which had no room for Hindu nationalism. This book questions such Panglossian prognosis and shows the need to map the ideological and political growth of Hindu nationalism which has been downplayed in the academic discourse as temporary aberrations. The introduction to the book places Kerala in the context of South India. Arguing that Hindutva is a real force which needs to be contended within theoretical and empirical terms, the chapters in this book examine Hindu nationalism in Kerala in relation to themes such as history, caste, culture, post-truth, ideology, gender, politics, and the Indian national space. Considering the rise of Hindu nationalism in the recent years, this pioneering book will be of interest to a students and academics studying Politics, in particular Nationalism, Asian Politics and Religion and Politics and South Asian Studies"--</subfield>
  </datafield>
  <datafield tag="650" ind1=" " ind2="0">
    <subfield code="a">Hindutva</subfield>
    <subfield code="z">India</subfield>
    <subfield code="z">Kerala.</subfield>
    <subfield code="9">16650</subfield>
  </datafield>
  <datafield tag="700" ind1="1" ind2=" ">
    <subfield code="a">Mannathukkaren, Nissim, Editor</subfield>
    <subfield code="9">16651</subfield>
  </datafield>
  <datafield tag="942" ind1=" " ind2=" ">
    <subfield code="2">ddc</subfield>
    <subfield code="c">BK</subfield>
  </datafield>
  <datafield tag="999" ind1=" " ind2=" ">
    <subfield code="c">760866</subfield>
    <subfield code="d">760866</subfield>
  </datafield>
  <datafield tag="952" ind1=" " ind2=" ">
    <subfield code="0">0</subfield>
    <subfield code="1">0</subfield>
    <subfield code="2">ddc</subfield>
    <subfield code="4">0</subfield>
    <subfield code="7">0</subfield>
    <subfield code="a">POL</subfield>
    <subfield code="b">POL</subfield>
    <subfield code="c">GEN</subfield>
    <subfield code="d">2025-12-18</subfield>
    <subfield code="l">0</subfield>
    <subfield code="o">320.540 954 MAN/H</subfield>
    <subfield code="p">POL23857</subfield>
    <subfield code="r">2026-06-20 15:37:58</subfield>
    <subfield code="w">2026-06-20</subfield>
    <subfield code="y">BK</subfield>
  </datafield>
</record>
